000 00993nam a2200313Ia 4500
005 20220317001738.0
008 170328s2012 s g 000 f s
020 _a9788432217173
041 _aspa
100 1 _aMontero, Rosa
_d1951-
245 1 0 _aTe trataré como a una reina
_cRosa Montero
250 _a1a. edición
300 _a245 páginas
_c19 cm
490 _aBooket : novela
500 _aIncluye datos biográficos de la autora
521 _aRecomendado desde los 15 años
650 1 4 _2LEMB
_aNovela española
_ySiglo XX
650 1 4 _2LEMB
_aLiteratura española
_ySiglo XX
650 1 4 _2LEMB
_aCantantes en la literatura
650 1 4 _2LEMB
_aSoledad en la literatura
650 1 4 _2LEMB
_aEmociones en la literatura
942 _2loc
_cBKLIT
264 _aBarcelona
_bSeix Barral
_c2012
336 _atexto
_btxt
_2rdacontent
337 _asin mediación
_bn
_2rdamedia
338 _avolumen
_bnc
_2rdacarrier
040 _aCO-BoRNBP
_bspa
_erda
_cCO-BoRNBP
084 _aN MON8
999 _c7948
_d7948